đŸŽ¶ Paroles "Bro gozh ma zadoĂč" (traduit en français) - Statistiques

Statistiques générales
  • Ce quiz a Ă©tĂ© pris 6 fois
  • Le rĂ©sultat moyen est 79 sur 160
Statistiques - réponses
Mots % Correct
Ă 
100%
ancĂȘtres
100%
Bretagne,
100%
Bretagne !
100%
Breton
100%
d'
100%
dans
100%
de
100%
elle
100%
Il
100%
L'
100%
la
100%
le
100%
n'
100%
Nous,
100%
nous
100%
Ô
100%
patrie !
100%
pays!
100%
pays,
100%
pays
100%
Refrain :
100%
(Refrain)
100%
vieux
100%
aime
67%
au
67%
autre
67%
belle,
67%
Bretons
67%
cƓur,
67%
cƓur
67%
des
67%
es
67%
est
67%
et
67%
j'
67%
Les
67%
les
67%
ma
67%
mer
67%
mon
67%
nos
67%
ou
67%
que
67%
s'
67%
si
67%
Si
67%
terre
67%
tu
67%
Tu
67%
un
67%
aimons
33%
as
33%
chĂšre
33%
comme
33%
En
33%
en
33%
encore
33%
jamais,
33%
leur
33%
monde.
33%
monde
33%
notre
33%
plus
33%
pour
33%
Son
33%
sont
33%
sous
33%
Ta
33%
travers
33%
tressaille
33%
ardent
0%
Armor
0%
Aucun
0%
aussi
0%
autant,
0%
autour
0%
autrefois,
0%
bardes
0%
bons,
0%
chants
0%
Chaque
0%
chaque
0%
cieux
0%
combien
0%
Complaintes
0%
dorment
0%
durant
0%
durs
0%
éclosent
0%
eux
0%
fléchi
0%
forts,
0%
gens
0%
guerre,
0%
guerres,
0%
héroïque !
0%
langue
0%
libre,
0%
maintenant
0%
montagne,
0%
mur
0%
peuple
0%
peur
0%
plaisants
0%
renommée
0%
restée
0%
réveillée,
0%
saints,
0%
sang
0%
Sans
0%
sera
0%
Sois
0%
Tant
0%
tristes,
0%
vallée,
0%
VersĂšrent
0%
vivante
0%
vrai
0%
Aucun quiz correspondant
Distribution des résultats
% des personnes avec chaque résultat
Percentile par nombre de réponses
Votre historique - résultats
Vous n’avez pas pris ce quiz